Quizz SAPEUR-POMPIER - Statistiques

Statistiques générales
  • Ce quiz a été pris 542 fois
    538 depuis la dernière actualisation
  • Le résultat moyen est 8 sur 31
Statistiques - réponses
Hint Réponse % Correct
Combien de dérivations puis-je mettre en place sur ma ligne guide ? 3
85%
Combien il y a d’anneaux cousu dans le lot de sauvetage « échelle » ? 9
72%
Combien il y a de critères dans la MGO INCENDIE ? 11
66%
Combien il y a de types de bouteilles d’ARI ? 4
65%
Combien de dégagements d’urgence existe-t-il ? 7
52%
Citez moi un phénomène thermique ? Flashover / Backdraft / FGI
52%
Eau + Émulseur + Air = Mousse
50%
Citez moi un des deux types d’ARI ? ARICF / ARICO
45%
Quel est la longueur minimum de la corde du lot de sauvetage « échelle » ? 60m
37%
Ligne de vie = Ligne guide + Liaison personnelle
37%
NELAR Localisation
34%
Si je suis nommé commandant, quel grade avais-je ? Capitaine
31%
Quels éléments compose le triangle du feu ? Comburant, combustible, énergie d’activation
30%
Que signifie CHU ? Coussin hémostatique d’urgence / Centre Hospitalier Universitaire
18%
Quel est le débit nominal d’un tuyau de diamètre 45 ? 250L/min
16%
Qui peut être le DOS ? Maire / Préfet / président de la République
16%
Quelle est la distance de sécurité à respecter entre le frein de charge et le point d’appui du passage dans le vide lors d’un sauvetage par l’extérieur avec comme point fixe le sauveteur ? 20cm
15%
Qui est en théorie en charge de l’ouverture des ouvrants pendant un passage de porte ? Équipier
14%
Quelle est la formule chimique du chlorure de sodium ? NaCl
9%
Eau + Émulseur = Solution moussante
9%
Combien mesure une ligne guide ? 50 à 60m
6%
Que signifie CTA ? Centre de traitement de l’alerte
6%
AIDES Explorer
5%
TASSS Sauveteur
5%
Fréquence respiratoire d’un enfant ? 20 à 30
4%
Quel est le débit du dispositif BY-PASS ? 300 L/min
4%
Quel moyen mnémotechnique désigne des actions à adopter dans l’attente des secours ? AAALEERTER
4%
Quel est le nom scientifique d’un saignement de nez ? Epistaxis
4%
À combien de bar maximum est gonflée une bouteille de dioxygène ? 200 bar
2%
TE-CA-MA-SA-CA-BO Casque
2%
Quel est le débit du sifflet de fin de charge ? 4 à 7 L/min
1%
Aucun quiz correspondant
Distribution des résultats
% des personnes avec chaque résultat
Percentile par nombre de réponses
Votre historique - résultats
Vous n’avez pas pris ce quiz depuis la dernière actualisation